| 000 | 00541nam a2200193Ii 4500 | ||
|---|---|---|---|
| 999 |
_c2787 _d2787 |
||
| 001 | 3189790 | ||
| 003 | OSt | ||
| 005 | 20181018162031.0 | ||
| 008 | 770815s1948 mau 000 0 eng d | ||
| 040 |
_aIQU _cIQU _dm.c. _dCDC |
||
| 082 |
_a813 _bL793B |
||
| 092 |
_a813.69 _bD73B |
||
| 100 | 1 |
_aDouglas, Lloyd C. _q(Lloyd Cassel), _d1877-1951 |
|
| 245 | 1 | 4 |
_aThe Big Fisherman / _cby Lloyd C. Douglas |
| 260 |
_aBoston : _bHoughton Mifflin, _cc1948 |
||
| 300 |
_a503 p. ; _c22 cm |
||
| 600 | 0 | 0 |
_aPeter, _cthe Apostle, Saint _xFiction |
| 942 |
_2ddc _cBK |
||